Patentes de invención. Diez años de jurisprudencia : comentarios y fallos /

Guardado en:
Autor Principal: Kors, Jorge Alberto, (coord.)
Otros Autores: Hermida, Nicolás., Moncayo Von Hase, Andrés., Lowenstein,Vanesa., Wegbrait, Pablo.
Formato: Libro
Idioma:Spanish
Publicado: Buenos Aires : La Ley; Departamento de publicaciones UBA, 2004.
Edición:1a. ed.
Series:Colección CEIDIE - Centro de Estudios Interdisciplinarios de Derecho Industrial y Económico
Materias:
Etiquetas: Agregar Etiqueta
Sin Etiquetas, Sea el primero en etiquetar este registro!
LEADER 00967nam a22002775a 4500
001 DER.der001241
008 180615s2004####ag#||||||||||||||#||spa||
005 20231228111804.0
245 1 0 |a Patentes de invención. Diez años de jurisprudencia :  |b comentarios y fallos /  |c Jorge Alberto Kors. 
250 |a 1a. ed. 
260 |a Buenos Aires :  |b La Ley; Departamento de publicaciones UBA,  |c 2004. 
300 |a 399 p. 
020 |a 9870305997 
100 1 |a Kors, Jorge Alberto,  |e coord. 
700 1 |a Hermida, Nicolás. 
700 1 |a Moncayo Von Hase, Andrés. 
700 1 |a Lowenstein,Vanesa. 
700 1 |a Wegbrait, Pablo. 
830 0 |a Colección CEIDIE - Centro de Estudios Interdisciplinarios de Derecho Industrial y Económico 
650 7 |a DURACION DE LAS PATENTES 
650 7 |a BIOTECNOLOGIA 
650 7 |a NULIDAD 
650 7 |a CADUCIDAD 
650 7 |a MEDIDAS CAUTELARES 
650 7 |a DERECHOS DE COMERCIALIZACION 
859 |a DERECHO  |b BIB. DERECHO  |h 343.08  |i KOR  |p 002872